<?xml version="1.0" encoding="UTF-8"?><?xml-stylesheet type="text/xsl" href="static/style.xsl"?><OAI-PMH xmlns="http://www.openarchives.org/OAI/2.0/" xmlns:xsi="http://www.w3.org/2001/XMLSchema-instance" xsi:schemaLocation="http://www.openarchives.org/OAI/2.0/ http://www.openarchives.org/OAI/2.0/OAI-PMH.xsd"><responseDate>2026-04-14T02:43:38Z</responseDate><request verb="GetRecord" identifier="oai:www.recercat.cat:2072/475440" metadataPrefix="marc">https://recercat.cat/oai/request</request><GetRecord><record><header><identifier>oai:recercat.cat:2072/475440</identifier><datestamp>2025-10-05T12:38:24Z</datestamp><setSpec>com_2072_98</setSpec><setSpec>col_2072_378192</setSpec></header><metadata><record xmlns="http://www.loc.gov/MARC21/slim" xmlns:dcterms="http://purl.org/dc/terms/" xmlns:xsi="http://www.w3.org/2001/XMLSchema-instance" xmlns:doc="http://www.lyncode.com/xoai" xsi:schemaLocation="http://www.loc.gov/MARC21/slim http://www.loc.gov/standards/marcxml/schema/MARC21slim.xsd">
   <leader>00925njm 22002777a 4500</leader>
   <datafield ind2=" " ind1=" " tag="042">
      <subfield code="a">dc</subfield>
   </datafield>
   <datafield ind2=" " ind1=" " tag="720">
      <subfield code="a">Mensa i Valls, Jaume</subfield>
      <subfield code="e">author</subfield>
   </datafield>
   <datafield ind2=" " ind1=" " tag="260">
      <subfield code="c">2022</subfield>
   </datafield>
   <datafield ind2=" " ind1=" " tag="520">
      <subfield code="a">Arnau de Vilanova, médico por formación y teólogo por vocación, ha pasado a la historia como uno de los galenos más destacados del medioevo latino, pero su obra teológica fue condenada unos años después de su muerte y solo ha podido ser conocida y estudiada desde hace poco más de un siglo. Para Arnau de Vilanova la medicina es scientia y a la vez es ars operativa. Y ambas facetas no pueden disociarse. El médico es como un ministro de la naturaleza que opera con su ars. Detrás de esta manera de entender la medicina se esconde una concepción «instrumentalista» de la teoría médica, que aleja Arnau de Vilanova sea de la pura especulación teórica sea del empirismo antiintelectual. El médico catalán concibe el conocimiento teológico en analogía con el médico. El cristianismo de su época parece dar síntomas de enfermedad y ante esta situación el medicus theologizans Arnau de Vilanova prescribe un plan de reforma.</subfield>
   </datafield>
   <datafield ind2=" " ind1=" " tag="520">
      <subfield code="a">Arnald of Villanova, a medical doctor by training and a theologian by vocation, has gone down in history as one of the most outstanding physicians of the Latin Middle Ages; his theological works, however, were condemned a few years after his death, and the possibility of their being known and studied only emerged just over a century ago. According to Arnald, medicine is a scientia while simultaneously being an ars operativa, both of which facets are indissociable. The physician is akin to a "minister of nature" who performs his role by way of his ars. This manner of understanding medicine presumes an "instrumentalist" conception of medical theory, a conception which sets Arnald of Villanova apart from both pure theoretical speculation and anti-intellectual empiricism. The Catalan physician conceives theological knowledge by analogy with its medical counterpart. The Christendom of his day appears to present symptoms of disease and, in the face of such a situation, Arnald, the medicus theologizans, prescribes a plan for reform.</subfield>
   </datafield>
   <datafield tag="653" ind2=" " ind1=" ">
      <subfield code="a">Arnald of Villanova</subfield>
   </datafield>
   <datafield tag="653" ind2=" " ind1=" ">
      <subfield code="a">Medical knowledge</subfield>
   </datafield>
   <datafield tag="653" ind2=" " ind1=" ">
      <subfield code="a">Theological knowledge</subfield>
   </datafield>
   <datafield tag="653" ind2=" " ind1=" ">
      <subfield code="a">Ars</subfield>
   </datafield>
   <datafield tag="653" ind2=" " ind1=" ">
      <subfield code="a">Scientia</subfield>
   </datafield>
   <datafield tag="653" ind2=" " ind1=" ">
      <subfield code="a">Medicustheologizans</subfield>
   </datafield>
   <datafield tag="653" ind2=" " ind1=" ">
      <subfield code="a">Arnau de Vilanova</subfield>
   </datafield>
   <datafield tag="653" ind2=" " ind1=" ">
      <subfield code="a">Conocimiento médico</subfield>
   </datafield>
   <datafield tag="653" ind2=" " ind1=" ">
      <subfield code="a">Conocimiento teológico</subfield>
   </datafield>
   <datafield ind2="0" ind1="0" tag="245">
      <subfield code="a">Conocimiento médico y conocimiento teológico en Arnau de Vilanova</subfield>
   </datafield>
</record></metadata></record></GetRecord></OAI-PMH>